00765nam a2200193 a 450000100100000000500170001000800410002704000250006808200150009310000320010824500870014026000370022730000200026449000370028471000750032183000450039695201130044199900170055400004552520240311204354.0150414s1981 dr 000 0 spa d aDO-SdBNPbspacBNPHU axxxxbxxxx1 aGarcía Recio, Luis97358113aEl registro de contribuyentes :bla experiencia dominicana /cLuis García Recio. aSanto Domingo :b(INCAT),c1981. a28 p. ;c21 cm.1 aFortalecimiento institucionalv622aInstituto de Capacitación Tributaria (República Dominicana)973226 0aFortalecimiento institucional.n6973583 0010718PDaPDbPDcCTd2015-04-14iLF1l0oxxxx xxxxp45525-10r2020-06-25w2020-06-25yLFPDZNo se presta c45014d45014